000 00541nam a2200217 a 4500
001 2352726
005 20180104083229.0
008 830811s1984 iluak b 001 0 eng
010 _a 83072621
020 _a0256031339 (pbk.)
040 _aDLC
_cDLC
_dDLC
041 _aeng
080 _a651.5
082 0 0 _a651.5 KAG
_219
100 1 _a54
101 _aLID
245 1 0 _aSocial work records /
_cJill Doner Kagle.
504 _aBibliography: p. 150-157.
906 _a7
_bcbc
_corignew
_d3
_eopcn
_f19
_gy-gencatlg
942 _2ddc
_cBK
999 _c39761
_d39761